| 000 | 00598cam a22002411 4500 | ||
|---|---|---|---|
| 001 | sa 64003419 | ||
| 003 | DLC | ||
| 005 | 20260227112017.0 | ||
| 008 | 940602s1962 ii 000 0 beno | ||
| 010 | _asa 64003419 | ||
| 025 | _aPL480:EP-B-167 | ||
| 035 | _a(OCoLC)30538592 | ||
| 040 |
_aDLC _cCU _dCU _dDLC |
||
| 042 | _apremarc | ||
| 050 | 0 | 0 |
_aBP174 _b.K3 |
| 100 | 1 | _aKarim, Fazlul. | |
| 245 | 1 | 0 | _aMÄnaba dharmma. |
| 260 |
_a[Dacca, _c1962] |
||
| 300 |
_a6, 344 p. _c22 cm. |
||
| 500 | _aIn Bengali. | ||
| 650 | 0 |
_aReligious life _xIslam. |
|
| 650 | 0 |
_aTheological anthropology _xIslam |
|
| 999 |
_c57917 _d57917 |
||